| 000 | 00378nam a22001457a 4500 | ||
|---|---|---|---|
| 008 | 240913b |||||||| |||| 00| 0 eng d | ||
| 020 | _a9789391166205 | ||
| 082 | _a312.33 | ||
| 100 | _aSingh Y.I. | ||
| 245 | _aPopulation and Settlement Geography | ||
| 260 |
_aNew Delhi : _bGlobal Net Publication, _c2021. |
||
| 300 |
_ap. 582; _c24 Cm. |
||
| 942 | _2ddc | ||
| 999 |
_c10024 _d10025 |
||